[Event "XXII Weekend A"]
[Site "Ceriano Laghetto ITA"]
[Date "2013.03.01"]
[Round "1"]
[White "Boschetti, Claudio"]
[Black "Dvirnyy, Danyyil"]
[WhiteElo "2134"]
[BlackElo "2530"]
[Result "0-1"]
[PlyCount "102"]
[EventDate "2013.03.01"]

1. e4 e6 2. Nf3 d5 3. Nc3 d4 4. Ne2 c5 5. c3 Nf6 6. e5 Nfd7 7. cxd4 cxd4 8.
Nexd4 Nxe5 9. Bb5+ Ned7 10. O-O Be7 11. Ne5 O-O 12. Ndf3 a6 13. Ba4 Nxe5 14.
Nxe5 Qd4 15. Nf3 Qd6 16. d4 Nc6 17. Qd3 Nb4 18. Qe2 Bd7 19. Bxd7 Qxd7 20. Rd1
Rac8 21. a3 Nd5 22. Ne5 Qa4 23. g3 Bf6 24. Be3 Bxe5 25. dxe5 Qe4 26. Qd3 Qxe5
27. Bd4 Qg5 28. Qb3 Rc7 29. Re1 Qf5 30. Re5 Qg4 31. Rd1 Rfc8 32. f3 Qg6 33.
Rde1 h6 34. R5e4 Nf6 35. R4e2 Rd7 36. Bc3 h5 37. Qa4 Rd3 38. Rf1 Rc6 39. Qh4
Rd5 40. Rfe1 Rf5 41. Kg2 Nd5 42. Be5 f6 43. Bb8 Qe8 44. g4 hxg4 45. fxg4 Rg5
46. Bg3 Qg6 47. Re4 Ne7 48. Rxe6 Rxg4 49. Qh3 Rxe6 50. Rxe6 Nf5 51. Re2 Rh4 0-1

[Event "XXII Weekend A"]
[Site "Ceriano Laghetto ITA"]
[Date "2013.03.01"]
[Round "1"]
[White "Damia, Angelo"]
[Black "Bargeri, Ludovico"]
[WhiteElo "2249"]
[BlackElo "2042"]
[Result "1-0"]
[PlyCount "113"]
[EventDate "2013.03.01"]

1. e4 e6 2. d4 d5 3. e5 c5 4. Qg4 cxd4 5. Bd3 Nc6 6. Nf3 Nge7 7. O-O Ng6 8. Re1
Be7 9. Nbd2 O-O 10. Nb3 Qc7 11. Bxg6 fxg6 12. Nbxd4 Nxd4 13. Nxd4 Bd7 14. c3
Bc5 15. Nf3 Qb6 16. Qg3 a5 17. b3 Rac8 18. Be3 Bxe3 19. Rxe3 a4 20. Nd4 axb3
21. axb3 Ra8 22. Rxa8 Rxa8 23. h4 Qd8 24. Qg5 Qxg5 25. hxg5 Ra1+ 26. Kh2 Rc1
27. Kg3 Kf7 28. Kf3 Ke7 29. Ke2 Rg1 30. Rh3 Rxg2 31. Nf3 Bb5+ 32. Ke3 Rg4 33.
Rxh7 Re4+ 34. Kd2 Kf7 35. Nd4 Bd7 36. Nf3 Bb5 37. Rh8 Re2+ 38. Kd1 Rxf2 39. Nd4
Be8 40. Nxe6 Kxe6 41. Rxe8+ Kd7 42. Rb8 Ke6 43. Rxb7 Kxe5 44. Re7+ Kd6 45. Rxg7
Rb2 46. Rxg6+ Ke5 47. Rb6 Rg2 48. g6 Ke4 49. Rc6 d4 50. Rc4 Kd3 51. Rxd4+ Kxc3
52. Rd6 Kxb3 53. Ke1 Kc4 54. Kf1 Rg5 55. Kf2 Kc5 56. Ra6 Kb5 57. Rf6 1-0

[Event "XXII Weekend A"]
[Site "Ceriano Laghetto ITA"]
[Date "2013.03.01"]
[Round "1"]
[White "Gemelli, Giovanni"]
[Black "Miracola, Massimiliano"]
[WhiteElo "1882"]
[BlackElo "2143"]
[Result "1-0"]
[PlyCount "55"]
[EventDate "2013.03.01"]

1. e4 e5 2. Nf3 Nc6 3. d4 exd4 4. Nxd4 Nf6 5. Nxc6 bxc6 6. e5 Qe7 7. Qe2 Nd5 8.
c4 Ba6 9. g3 g6 10. b3 Bg7 11. Bb2 O-O 12. Bg2 Rfe8 13. O-O Nb6 14. Re1 d5 15.
Nd2 Rad8 16. Rac1 c5 17. f4 d4 18. Qd3 Bc8 19. Ba3 f5 20. Bc6 Bd7 21. Bd5+ Kh8
22. Qf3 Bf8 23. e6 Bc8 24. Bc6 Bxe6 25. Bxe8 Rxe8 26. Qe2 Qf7 27. Nf3 Nd7 28.
Ng5 1-0

[Event "XXII Weekend A"]
[Site "Ceriano Laghetto ITA"]
[Date "2013.03.01"]
[Round "1"]
[White "Innocenti, Giovanni"]
[Black "Molina, Fabrizio"]
[WhiteElo "2029"]
[BlackElo "2245"]
[Result "0-1"]
[PlyCount "160"]
[EventDate "2013.03.01"]

1. e4 d6 2. d4 Nf6 3. Nc3 Nbd7 4. Nf3 e5 5. Bc4 Be7 6. O-O O-O 7. Re1 c6 8. a4
b6 9. d5 c5 10. a5 bxa5 11. Bd2 Nb6 12. Bb5 Bd7 13. Qe2 Ne8 14. Bxd7 Qxd7 15.
Rxa5 f5 16. Ng5 Bxg5 17. Bxg5 h6 18. Bc1 fxe4 19. Rd1 Qf7 20. Nxe4 Nxd5 21. c4
Qc7 22. Ra3 Ne7 23. Nc3 Nf5 24. Nd5 Qf7 25. Be3 Rb8 26. Rda1 Rb7 27. b4 cxb4
28. Rxa7 b3 29. Rxb7 Qxb7 30. Rb1 Nf6 31. Nxf6+ Rxf6 32. Qd1 Qe4 33. Qd5+ Qxd5
34. cxd5 Ne7 35. Rxb3 Nxd5 36. Rd3 Ne7 37. Kf1 Kf7 38. Ke2 Ke6 39. Ra3 Rf8 40.
Ra6 Rd8 41. Kd3 Rd7 42. Ke4 Nd5 43. g3 Nf6+ 44. Kd3 Kf5 45. f3 h5 46. h3 e4+
47. Ke2 exf3+ 48. Kxf3 Ke5 49. Bf4+ Kd5 50. g4 hxg4+ 51. hxg4 Ne4 52. g5 Nc5
53. Ra8 Rf7 54. Kg4 Nd3 55. Bg3 Nc5 56. Kh5 Ne4 57. Ra5+ Ke6 58. Bh4 d5 59.
Ra6+ Kf5 60. Ra8 d4 61. Ra5+ Kf4 62. Kg6 Rd7 63. Be1 d3 64. Rf5+ Ke3 65. Rf7
Rd6+ 66. Kxg7 Nxg5 67. Re7+ Ne4 68. Kf7 Rd4 69. Kg6 Ke2 70. Ba5 Ra4 71. Re5 Kd1
72. Kg7 Rc4 73. Kg6 Nc3 74. Rg5 Kc2 75. Rg2+ d2 76. Bd8 Rg4+ 77. Rxg4 d1=Q 78.
Rg2+ Kb3 79. Bg5 Ne4 80. Bf4 Qf3 0-1

[Event "XXII Weekend A"]
[Site "Ceriano Laghetto ITA"]
[Date "2013.03.01"]
[Round "1"]
[White "Khudovekov, Stanislav"]
[Black "Angelini, Marco"]
[WhiteElo "2095"]
[BlackElo "2251"]
[Result "0-1"]
[PlyCount "84"]
[EventDate "2013.03.01"]

1. Nf3 Nf6 2. g3 e6 3. Bg2 Be7 4. O-O O-O 5. d3 c5 6. e4 d6 7. Qe2 Nc6 8. c3
Rb8 9. d4 cxd4 10. cxd4 d5 11. e5 Nd7 12. Rd1 b5 13. b3 Qb6 14. h4 Re8 15. Na3
a5 16. Bf1 Ba6 17. Nc2 Ra8 18. Bh3 b4 19. Qe3 Rec8 20. Nce1 Bb5 21. Qf4 a4 22.
Be3 axb3 23. axb3 Ra3 24. Rab1 Na5 25. Ng5 Bxg5 26. Qxg5 Rxb3 27. Rxb3 Nxb3 28.
Rb1 Bc4 29. Qe7 Nf8 30. Nf3 Rc7 31. Qg5 Ra7 32. h5 h6 33. Qg4 Kh7 34. Nh2 Ra1
35. Rxa1 Nxa1 36. Qd1 Nb3 37. Bf1 Na5 38. Bd3+ Bxd3 39. Qxd3+ Kg8 40. Ng4 b3
41. Qb1 Qc7 42. Bd2 Qc2 0-1

[Event "XXII Weekend A"]
[Site "Ceriano Laghetto ITA"]
[Date "2013.03.01"]
[Round "1"]
[White "Lapiccirella, Mattia"]
[Black "Troiani, Mauro"]
[WhiteElo "2191"]
[BlackElo "2011"]
[Result "1-0"]
[PlyCount "77"]
[EventDate "2013.03.01"]

1. d4 d5 2. c4 c6 3. Nf3 Nf6 4. Nc3 e6 5. e3 Nbd7 6. Qc2 Bd6 7. b3 O-O 8. Be2
Qe7 9. O-O Re8 10. Rd1 b6 11. e4 dxe4 12. Nxe4 Nxe4 13. Qxe4 Bb7 14. Bb2 f5 15.
Qd3 Ba3 16. Bxa3 Qxa3 17. Ne5 Rad8 18. Qe3 Nxe5 19. Qxe5 Qd6 20. Qe3 Qe7 21.
Bf3 Qf6 22. Rd2 Re7 23. Re1 f4 24. Qe4 c5 25. d5 Rdd7 26. Rde2 e5 27. Bg4 Rd6
28. Qf5 Qxf5 29. Bxf5 g6 30. Bd3 Kf7 31. Rxe5 Rxe5 32. Rxe5 Kf6 33. Re4 g5 34.
h4 h6 35. a4 a5 36. Re8 gxh4 37. Kh2 Kf7 38. Rh8 Kg7 39. Rh7+ 1-0

[Event "XXII Weekend A"]
[Site "Ceriano Laghetto ITA"]
[Date "2013.03.01"]
[Round "1"]
[White "Moroni, Luca Jr"]
[Black "Montilli, Vincenzo"]
[WhiteElo "2170"]
[BlackElo "1987"]
[Result "1/2-1/2"]
[PlyCount "128"]
[EventDate "2013.03.01"]

1. Nf3 Nf6 2. c4 g6 3. b3 Bg7 4. Bb2 O-O 5. g3 c5 6. Bg2 Nc6 7. O-O a6 8. Nc3
d6 9. d4 cxd4 10. Nxd4 Bd7 11. Qd2 Rc8 12. Rad1 Qc7 13. e4 Nxd4 14. Qxd4 Bc6
15. Qe3 b5 16. cxb5 axb5 17. Rfe1 Qb7 18. f3 b4 19. Ne2 Ng4 20. Qd2 Bxb2 21.
Qxb2 Ne5 22. Nd4 Bb5 23. Qd2 Ba6 24. Re3 Qb6 25. Kh1 Rc7 26. Bh3 Bc8 27. Bg2
Ba6 28. h3 Rfc8 29. f4 Nd7 30. e5 dxe5 31. fxe5 e6 32. h4 Bb7 33. h5 Bxg2+ 34.
Kxg2 Qb7+ 35. Kg1 Rc5 36. Nxe6 Rc2 37. Qd5 Qxd5 38. Rxd5 fxe6 39. Rxd7 Rxa2 40.
Red3 Rc1+ 41. Rd1 Rxd1+ 42. Rxd1 Rb2 43. h6 g5 44. Rd7 Rxb3 45. Rg7+ Kh8 46.
Rxg5 Rf3 47. Rg7 b3 48. Kg2 Rf5 49. Re7 Kg8 50. Rxe6 b2 51. Rb6 Rxe5 52. Rxb2
Re6 53. g4 Rxh6 54. Kg3 Ra6 55. Kh4 Kg7 56. Rb7+ Kg6 57. Rb8 Re6 58. Rg8+ Kf7
59. Rg5 Re1 60. Ra5 Kg6 61. Ra6+ Kg7 62. Kg5 Re5+ 63. Kf4 Rb5 64. Kg3 h5
1/2-1/2

[Event "XXII Weekend A"]
[Site "Ceriano Laghetto ITA"]
[Date "2013.03.01"]
[Round "1"]
[White "Razzano, Lorenzo"]
[Black "Lapiccirella, Daniele"]
[WhiteElo "2007"]
[BlackElo "2187"]
[Result "0-1"]
[PlyCount "74"]
[EventDate "2013.03.01"]

1. e4 c5 2. Nf3 e6 3. d4 cxd4 4. Nxd4 Nc6 5. g3 a6 6. Bg2 Qc7 7. O-O d6 8. Nc3
Bd7 9. Kh1 Nf6 10. Be3 Be7 11. f4 O-O 12. Nxc6 Bxc6 13. g4 b5 14. g5 Nd7 15. f5
b4 16. Ne2 exf5 17. Rxf5 Nc5 18. Ng3 Ne6 19. Qg4 Bd7 20. Qh4 f6 21. e5 fxg5 22.
Qxb4 Rab8 23. Qe4 Rxb2 24. Rxf8+ Bxf8 25. exd6 Qxc2 26. Qd5 Rb5 27. Qf3 Rb1+
28. Rxb1 Qxb1+ 29. Bf1 Bxd6 30. Nf5 Bf8 31. Bg1 Qxa2 32. Qe4 Qa4 33. Qe5 Bc6+
34. Bg2 Bxg2+ 35. Kxg2 Qg4+ 36. Ng3 Nf4+ 37. Kf1 Qd1+ 0-1

[Event "XXII Weekend A"]
[Site "Ceriano Laghetto ITA"]
[Date "2013.03.01"]
[Round "1"]
[White "Sbarra, Marco"]
[Black "Medici, Simone"]
[WhiteElo "2259"]
[BlackElo "2099"]
[Result "0-1"]
[PlyCount "92"]
[EventDate "2013.03.01"]

1. d4 d5 2. c4 c6 3. Nf3 Nf6 4. e3 g6 5. Nc3 a6 6. h3 Bg7 7. Be2 O-O 8. O-O
Nbd7 9. cxd5 cxd5 10. Qb3 e6 11. a4 b6 12. Bd2 Bb7 13. Rfc1 Rc8 14. Be1 Rc6 15.
Na2 Qa8 16. a5 b5 17. Rxc6 Bxc6 18. Bb4 Rc8 19. Nc3 Bb7 20. Nd2 Rc6 21. f4 Ne8
22. Nf3 Nd6 23. Bxd6 Rxd6 24. Na2 Rc6 25. Nb4 Rc7 26. Ne5 Nxe5 27. fxe5 Bh6 28.
Re1 Qd8 29. Bd3 Qh4 30. Qd1 Qg3 31. Qd2 Qh4 32. Bb1 Rc4 33. Rf1 Qe7 34. Nc2 Qc7
35. Re1 b4 36. b3 Rc3 37. Nxb4 Rxb3 38. Nd3 Ra3 39. Nc5 Bc8 40. Bd3 Rxa5 41.
Qb4 Ra2 42. Qb1 Qa5 43. Kh2 Bf8 44. Nb3 Qa3 45. Rc1 Rb2 46. Qa1 Rxb3 0-1

[Event "XXII Weekend A"]
[Site "Ceriano Laghetto ITA"]
[Date "2013.03.02"]
[Round "2"]
[White "Angelini, Marco"]
[Black "Lapiccirella, Daniele"]
[WhiteElo "2251"]
[BlackElo "2187"]
[Result "1-0"]
[PlyCount "57"]
[EventDate "2013.03.01"]

1. e4 c5 2. Nf3 e6 3. d4 cxd4 4. Nxd4 Nc6 5. Nc3 a6 6. g3 Qc7 7. Bg2 d6 8. a4
Bd7 9. Nb3 Nf6 10. a5 Ne5 11. f4 Nc4 12. Qe2 Be7 13. O-O e5 14. h3 Rc8 15. g4
h6 16. g5 hxg5 17. fxg5 Nh5 18. Nd5 Qc6 19. Rf3 Nf4 20. Bxf4 exf4 21. Rc3 Bxg5
22. Nb6 f3 23. Qxf3 Be3+ 24. Rxe3 Nxe3 25. Qxe3 Rd8 26. e5 Qxc2 27. exd6+ Be6
28. d7+ Kf8 29. Nd4 1-0

[Event "XXII Weekend A"]
[Site "Ceriano Laghetto ITA"]
[Date "2013.03.02"]
[Round "2"]
[White "Bargeri, Ludovico"]
[Black "Razzano, Lorenzo"]
[WhiteElo "2042"]
[BlackElo "2007"]
[Result "1-0"]
[PlyCount "57"]
[EventDate "2013.03.01"]

1. d4 g6 2. e4 Bg7 3. Nc3 d6 4. Be3 a6 5. Qd2 b5 6. Bd3 Nd7 7. a4 b4 8. Nce2 c5
9. c3 bxc3 10. bxc3 Qa5 11. Nf3 Ngf6 12. O-O Bb7 13. Ng3 O-O 14. h3 Rfb8 15.
Rfc1 c4 16. Bxc4 d5 17. exd5 Nxd5 18. Bh6 Rc8 19. Bxd5 Bxh6 20. Qxh6 Bxd5 21.
Qg5 f6 22. Qe3 e6 23. Nd2 Nb6 24. Nge4 Bxe4 25. Nxe4 Nd5 26. Nxf6+ Kf7 27. Nxd5
Qxd5 28. c4 Rxc4 29. Rxc4 1-0

[Event "XXII Weekend A"]
[Site "Ceriano Laghetto ITA"]
[Date "2013.03.02"]
[Round "2"]
[White "Dvirnyy, Danyyil"]
[Black "Lapiccirella, Mattia"]
[WhiteElo "2530"]
[BlackElo "2191"]
[Result "1-0"]
[PlyCount "53"]
[EventDate "2013.03.01"]

1. d4 Nf6 2. c4 c5 3. d5 g6 4. Nc3 d6 5. e4 Bg7 6. Bd3 O-O 7. h3 e6 8. Nf3 Re8
9. O-O Na6 10. a3 Nc7 11. Rb1 exd5 12. cxd5 c4 13. Bc2 Na6 14. Be3 Bd7 15. Qd2
Rc8 16. Rfe1 Nc5 17. Bd4 Nh5 18. e5 dxe5 19. Nxe5 Nd3 20. Bxd3 cxd3 21. Rbd1
Bf5 22. Nf3 Nf6 23. Rxe8+ Qxe8 24. Re1 Qd8 25. g4 Rxc3 26. bxc3 Qxd5 27. Qf4
1-0

[Event "XXII Weekend A"]
[Site "Ceriano Laghetto ITA"]
[Date "2013.03.02"]
[Round "2"]
[White "Medici, Simone"]
[Black "Damia, Angelo"]
[WhiteElo "2099"]
[BlackElo "2249"]
[Result "1/2-1/2"]
[PlyCount "146"]
[EventDate "2013.03.01"]

1. d4 Nf6 2. c4 e6 3. Nf3 c5 4. e3 cxd4 5. exd4 Bb4+ 6. Bd2 Bxd2+ 7. Nbxd2 O-O
8. Bd3 Nc6 9. O-O d6 10. Rc1 e5 11. d5 Ne7 12. Qc2 Bg4 13. h3 Bxf3 14. Nxf3 Rc8
15. Qb1 h6 16. Nh4 Qb6 17. Nf5 Nxf5 18. Bxf5 Rc7 19. g3 g6 20. Bd3 Kg7 21. Kg2
Re8 22. Rfe1 Rce7 23. Re3 e4 24. Rce1 exd3 25. Rxe7 Rxe7 26. Rxe7 Qd4 27. Re3
d2 28. Qd1 Qxb2 29. Rd3 Qxa2 30. Qxd2 Qxc4 31. Rd4 Qc5 32. Qb4 a5 33. Qxc5 dxc5
34. Rd1 Nd7 35. d6 Kf6 36. Re1 a4 37. Re7 a3 38. Re3 a2 39. Ra3 Ke6 40. Rxa2
Kxd6 41. Rb2 Kc6 42. Re2 b5 43. Kf1 b4 44. Ke1 c4 45. Re7 c3 46. Rxf7 b3 47.
Kd1 Ne5 48. Rf8 Kc7 49. Rf4 c2+ 50. Kd2 c1=Q+ 51. Kxc1 Nd3+ 52. Kb1 Nxf4 53.
gxf4 Kd6 54. Kb2 Ke6 55. Kxb3 Kf5 56. Kc3 Kxf4 57. Kd2 Kf3 58. Ke1 Kg2 59. h4
Kf3 60. h5 g5 61. Kf1 Kg4 62. Kg2 Kxh5 63. Kg3 Kg6 64. f4 Kf5 65. fxg5 hxg5 66.
Kf3 g4+ 67. Kg3 Kg5 68. Kg2 Kf4 69. Kf2 g3+ 70. Kg2 Kg4 71. Kg1 Kh3 72. Kh1 g2+
73. Kg1 Kg3 1/2-1/2

[Event "XXII Weekend A"]
[Site "Ceriano Laghetto ITA"]
[Date "2013.03.02"]
[Round "2"]
[White "Miracola, Massimiliano"]
[Black "Innocenti, Giovanni"]
[WhiteElo "2143"]
[BlackElo "2029"]
[Result "0-1"]
[PlyCount "66"]
[EventDate "2013.03.01"]

1. e4 e5 2. Nf3 Nc6 3. Nc3 Nf6 4. Bb5 Nd4 5. Bc4 Bc5 6. Nxe5 Qe7 7. Nf3 d5 8.
Bxd5 Nxd5 9. Nxd5 Qxe4+ 10. Ne3 Bd7 11. Nxd4 Bxd4 12. d3 Qg6 13. O-O Bc6 14.
Qe2 O-O 15. c3 Bb6 16. d4 f5 17. f3 Rae8 18. Qf2 f4 19. Nc2 Bb5 20. Re1 Qxc2
21. Rxe8 Qxf2+ 22. Kxf2 Bxe8 23. a4 c6 24. a5 Bc7 25. c4 Bf7 26. b3 Rd8 27. Bb2
Re8 28. Bc1 Bg6 29. a6 b6 30. Ba3 Re3 31. d5 c5 32. b4 Bd6 33. bxc5 bxc5 0-1

[Event "XXII Weekend A"]
[Site "Ceriano Laghetto ITA"]
[Date "2013.03.02"]
[Round "2"]
[White "Molina, Fabrizio"]
[Black "Gemelli, Giovanni"]
[WhiteElo "2245"]
[BlackElo "1882"]
[Result "1-0"]
[PlyCount "79"]
[EventDate "2013.03.01"]

1. Nf3 Nf6 2. c4 g6 3. g3 Bg7 4. Bg2 O-O 5. O-O d6 6. Nc3 c5 7. d3 Nc6 8. e3
Rb8 9. Rb1 a6 10. b3 Na7 11. Bb2 e6 12. Qe2 Qe7 13. Rfd1 Rd8 14. Rbc1 b6 15. d4
Bb7 16. e4 cxd4 17. Nxd4 e5 18. Nc2 b5 19. cxb5 Nxb5 20. Nxb5 axb5 21. Nb4 Rdc8
22. f3 Rxc1 23. Bxc1 Qc7 24. Be3 Qa5 25. Qd2 Rd8 26. Bf1 Kh8 27. Nd3 Qa8 28.
Nxe5 Kg8 29. Nd3 d5 30. Nb4 d4 31. Bf2 Bf8 32. Nd3 Be7 33. Qb2 Qa7 34. Ne1 Bc5
35. Bxb5 Nh5 36. b4 Bb6 37. a4 f5 38. a5 Bc7 39. Rxd4 Qb8 40. Bc4+ 1-0

[Event "XXII Weekend A"]
[Site "Ceriano Laghetto ITA"]
[Date "2013.03.02"]
[Round "2"]
[White "Montilli, Vincenzo"]
[Black "Boschetti, Claudio"]
[WhiteElo "1987"]
[BlackElo "2134"]
[Result "0-1"]
[PlyCount "122"]
[EventDate "2013.03.01"]

1. d4 Nf6 2. c4 e5 3. dxe5 Ng4 4. Nf3 Bc5 5. e3 Nc6 6. Be2 Ngxe5 7. Nbd2 d6 8.
O-O Qe7 9. a3 a5 10. b3 O-O 11. Bb2 Ng4 12. Nd4 Qh4 13. N2f3 Qh6 14. h3 Nf6 15.
Nb5 Bb6 16. Bd4 Nxd4 17. exd4 Nh5 18. Nh2 Nf4 19. Bf3 c6 20. Nc3 Bf5 21. d5 Qg6
22. Qd2 Nxg2 23. Kh1 Nh4 24. Qf4 Nxf3 25. Qxf3 Bd4 26. Rg1 Qf6 27. Rac1 c5 28.
Ne4 Bxe4 29. Qxe4 Rfe8 30. Qd3 Qxf2 31. Rcf1 Qe3 32. Ng4 Qxg1+ 33. Rxg1 Bxg1
34. Kxg1 Re1+ 35. Kf2 Rae8 36. Qd2 h5 37. Nh2 Rb1 38. Nf3 Rxb3 39. Qxa5 Rb2+
40. Kg3 Rb3 41. Kf4 f6 42. h4 Ree3 43. Qd8+ Kh7 44. Nd2 Rxa3 45. Qxd6 Rh3 46.
Qxc5 Rxh4+ 47. Kf5 Rd3 48. Nb1 Rd1 49. Na3 Re1 50. d6 g6+ 51. Kxf6 Rf4+ 52. Kg5
Rf5+ 53. Qxf5 gxf5 54. Kxf5 h4 55. d7 Rd1 56. Kg4 Rd4+ 57. Kh3 Rxd7 58. Kxh4
Kg6 59. Nb5 Kf5 60. Kg3 Ke4 61. Kf2 Kd3 0-1

[Event "XXII Weekend A"]
[Site "Ceriano Laghetto ITA"]
[Date "2013.03.02"]
[Round "2"]
[White "Sbarra, Marco"]
[Black "Moroni, Luca Jr"]
[WhiteElo "2259"]
[BlackElo "2170"]
[Result "1-0"]
[PlyCount "77"]
[EventDate "2013.03.01"]

1. c4 e6 2. Nf3 d5 3. e3 Nf6 4. b3 b6 5. Bb2 Bb7 6. cxd5 exd5 7. Be2 Be7 8. O-O
O-O 9. Nc3 Ne4 10. Rc1 Nd7 11. Rc2 Bf6 12. Qa1 c5 13. d4 Rc8 14. Rd1 Nxc3 15.
Rxc3 Qe7 16. Rc2 Rfe8 17. Qc1 a6 18. Ne1 Qd6 19. Bg4 Rc7 20. Ba3 Rec8 21. Nd3
a5 22. dxc5 bxc5 23. Bxd7 Qxd7 24. Rxc5 d4 25. Rxc7 Rxc7 26. Qd2 Qg4 27. Ne1
Rd7 28. Bb2 Be5 29. Bxd4 Bb8 30. f3 Qh5 31. h3 Qh4 32. Qf2 Bg3 33. Qe2 Bb8 34.
f4 g5 35. Bf6 Rxd1 36. Qxd1 Bc7 37. Nf3 Bxf3 38. Qxf3 Qe1+ 39. Kh2 1-0

[Event "XXII Weekend A"]
[Site "Ceriano Laghetto ITA"]
[Date "2013.03.02"]
[Round "2"]
[White "Troiani, Mauro"]
[Black "Khudovekov, Stanislav"]
[WhiteElo "2011"]
[BlackElo "2095"]
[Result "1-0"]
[PlyCount "75"]
[EventDate "2013.03.01"]

1. d4 f5 2. g3 Nf6 3. Bg2 g6 4. Nf3 d6 5. O-O Bg7 6. c4 O-O 7. Nc3 Nc6 8. d5
Na5 9. Nd2 c5 10. a3 b6 11. b4 Ne4 12. Ndxe4 fxe4 13. bxa5 Bxc3 14. Bh6 Rf7 15.
Rb1 Bf5 16. Qc2 Bxa5 17. Bxe4 Bxe4 18. Qxe4 Bc3 19. Rb3 Bd4 20. Rf3 Rxf3 21.
exf3 Qd7 22. g4 Re8 23. Re1 Bf6 24. h3 Be5 25. f4 Bc3 26. Re2 Kf7 27. f5 gxf5
28. Qd3 Bf6 29. Re6 Kg8 30. Qxf5 Rd8 31. g5 Bg7 32. g6 Bf6 33. gxh7+ Kh8 34.
Qg6 Bd4 35. Re4 Qe8 36. Qf5 Bf6 37. Rg4 Qa4 38. Qg6 1-0

[Event "XXII Weekend A"]
[Site "Ceriano Laghetto ITA"]
[Date "2013.03.02"]
[Round "3"]
[White "Angelini, Marco"]
[Black "Dvirnyy, Danyyil"]
[WhiteElo "2251"]
[BlackElo "2530"]
[Result "0-1"]
[PlyCount "74"]
[EventDate "2013.03.01"]

1. e4 e6 2. Nf3 d5 3. Nc3 d4 4. Ne2 c5 5. Ng3 a6 6. a4 Nc6 7. Bc4 Bd6 8. d3 h5
9. O-O Qc7 10. Re1 h4 11. Nf1 Nge7 12. h3 f6 13. c3 Rb8 14. cxd4 cxd4 15. Bd2
b5 16. axb5 axb5 17. Bb3 e5 18. Qb1 Qb6 19. Rc1 Nb4 20. Bxb4 Bxb4 21. Qc2 Bd6
22. Ba2 Ng6 23. Qb3 Rf8 24. Rc2 Bd7 25. Rac1 Kd8 26. N1d2 Qa6 27. Ra1 Nf4 28.
Rcc1 Ne2+ 29. Kf1 Nxc1 30. Rxc1 g5 31. Nh2 Ra8 32. Qd5 Bb4 33. Nb3 Ke7 34. Nc5
Bxc5 35. Qxc5+ Qd6 36. Qxd6+ Kxd6 37. Bd5 Rfc8 0-1

[Event "XXII Weekend A"]
[Site "Ceriano Laghetto ITA"]
[Date "2013.03.02"]
[Round "3"]
[White "Boschetti, Claudio"]
[Black "Troiani, Mauro"]
[WhiteElo "2134"]
[BlackElo "2011"]
[Result "1-0"]
[PlyCount "63"]
[EventDate "2013.03.01"]

1. e4 c5 2. d4 cxd4 3. c3 dxc3 4. Nxc3 Nc6 5. Nf3 e6 6. Bc4 Qc7 7. O-O Bc5 8.
Nb5 Qb8 9. e5 a6 10. Nd6+ Bxd6 11. exd6 Nf6 12. Re1 b5 13. Bb3 O-O 14. Bg5 Nd5
15. Bxd5 exd5 16. Qxd5 Bb7 17. Qd2 f6 18. Bf4 Re8 19. Qd5+ Kh8 20. Qf7 Qd8 21.
Rad1 Rf8 22. Qh5 Kg8 23. h4 Re8 24. Qg4 Rf8 25. h5 f5 26. Qg3 Qf6 27. Ne5 Nxe5
28. Bxe5 Qh6 29. Bd4 Rf7 30. Re7 Qxh5 31. Rde1 Raf8 32. Qxg7+ 1-0

[Event "XXII Weekend A"]
[Site "Ceriano Laghetto ITA"]
[Date "2013.03.02"]
[Round "3"]
[White "Damia, Angelo"]
[Black "Molina, Fabrizio"]
[WhiteElo "2249"]
[BlackElo "2245"]
[Result "0-1"]
[PlyCount "56"]
[EventDate "2013.03.01"]

1. e4 d6 2. d4 Nf6 3. Nc3 e5 4. Nf3 Nbd7 5. Bc4 Be7 6. dxe5 Nxe5 7. Be2 O-O 8.
Bf4 Ng6 9. Bg3 a6 10. Qd3 b5 11. Nd4 Ne5 12. Bxe5 dxe5 13. Nc6 Qd6 14. Nd5 Nxd5
15. Qxd5 Be6 16. Nxe7+ Qxe7 17. Qxe5 Qb4+ 18. Kf1 Bc4 19. f3 Rad8 20. Bxc4
Qxc4+ 21. Kf2 Qxc2+ 22. Kg3 Rd6 23. Rhg1 Rg6+ 24. Kh3 Qd2 25. g3 Rh6+ 26. Kg4
Qxh2 27. Rh1 Rh4+ 28. Kf5 Rh5+ 0-1

[Event "XXII Weekend A"]
[Site "Ceriano Laghetto ITA"]
[Date "2013.03.02"]
[Round "3"]
[White "Gemelli, Giovanni"]
[Black "Montilli, Vincenzo"]
[WhiteElo "1882"]
[BlackElo "1987"]
[Result "0-1"]
[PlyCount "100"]
[EventDate "2013.03.01"]

1. e4 c5 2. Nf3 d6 3. d4 cxd4 4. Nxd4 Nf6 5. Nc3 a6 6. Be3 e6 7. f3 b5 8. Qd2
Bb7 9. O-O-O Nbd7 10. g4 Nb6 11. Qf2 Nfd7 12. h4 Rc8 13. Nb3 Nc4 14. Bxc4 bxc4
15. Nd4 Qa5 16. Qd2 Nc5 17. Nde2 Ba8 18. Bxc5 Qxc5 19. Ng3 Be7 20. Nh5 O-O 21.
g5 Rfd8 22. Rhe1 d5 23. exd5 Bxd5 24. Nxd5 Rxd5 25. Qc3 Bf8 26. f4 Rcd8 27.
Rxd5 Rxd5 28. Ng3 Qb5 29. Nh5 a5 30. Qg3 Kh8 31. Re5 Qd7 32. Qe1 c3 33. Rxd5
cxb2+ 34. Kxb2 Qxd5 35. Qe5 Qb7+ 36. Ka1 a4 37. Qb2 Qh1+ 38. Qb1 Qxh4 39. Qd1
a3 40. c4 Qh3 41. Kb1 Kg8 42. c5 Qh2 43. Qc1 Qxh5 44. c6 Bd6 45. c7 Bxc7 46.
Qxc7 Qd1+ 47. Qc1 Qxc1+ 48. Kxc1 h5 49. gxh6 gxh6 50. Kd2 Kg7 0-1

[Event "XXII Weekend A"]
[Site "Ceriano Laghetto ITA"]
[Date "2013.03.02"]
[Round "3"]
[White "Innocenti, Giovanni"]
[Black "Sbarra, Marco"]
[WhiteElo "2029"]
[BlackElo "2259"]
[Result "0-1"]
[PlyCount "56"]
[EventDate "2013.03.01"]

1. e4 e5 2. Nf3 Nc6 3. Nc3 Nf6 4. g3 d5 5. exd5 Nxd5 6. Bg2 Be6 7. O-O Be7 8.
Re1 Bf6 9. d3 O-O 10. Ne4 Be7 11. Ned2 f6 12. d4 Bg4 13. h3 Bh5 14. c4 Ndb4 15.
d5 Nd4 16. g4 Bg6 17. Nxd4 exd4 18. Nb3 Nc2 19. Bf4 Nxa1 20. Qxa1 f5 21. Nxd4
fxg4 22. Ne6 Qd7 23. Nxf8 Rxf8 24. Bg3 Bc5 25. h4 Qf5 26. Re2 Qd3 27. b4 Bd4
28. Re3 Bxa1 0-1

[Event "XXII Weekend A"]
[Site "Ceriano Laghetto ITA"]
[Date "2013.03.02"]
[Round "3"]
[White "Khudovekov, Stanislav"]
[Black "Razzano, Lorenzo"]
[WhiteElo "2095"]
[BlackElo "2007"]
[Result "1-0"]
[PlyCount "49"]
[EventDate "2013.03.01"]

1. c4 g6 2. g3 Bg7 3. Bg2 c5 4. e4 Nc6 5. Ne2 b6 6. Nbc3 Bb7 7. O-O e6 8. d3
Nge7 9. Be3 O-O 10. Qd2 d6 11. d4 cxd4 12. Nxd4 Na5 13. b3 d5 14. cxd5 exd5 15.
Rad1 dxe4 16. Nxe4 Qd7 17. Bh6 Nd5 18. Bxg7 Kxg7 19. Ne2 Qe7 20. Rfe1 f6 21.
N4c3 Nxc3 22. Nxc3 Qf7 23. Ne4 Rfe8 24. Nd6 Rxe1+ 25. Qxe1 1-0

[Event "XXII Weekend A"]
[Site "Ceriano Laghetto ITA"]
[Date "2013.03.02"]
[Round "3"]
[White "Lapiccirella, Daniele"]
[Black "Bargeri, Ludovico"]
[WhiteElo "2187"]
[BlackElo "2042"]
[Result "1-0"]
[PlyCount "71"]
[EventDate "2013.03.01"]

1. d4 Nf6 2. c4 e6 3. Nc3 Bb4 4. Nf3 c5 5. g3 O-O 6. Bg2 Bxc3+ 7. bxc3 Qa5 8.
Bd2 Ne4 9. O-O d6 10. Qc2 Nxd2 11. Nxd2 Qc7 12. Qe4 Nd7 13. Qf4 e5 14. Qh4 Nf6
15. Ne4 Nxe4 16. Bxe4 f5 17. Bd5+ Kh8 18. dxe5 dxe5 19. f4 e4 20. g4 Rb8 21. e3
Bd7 22. g5 b5 23. cxb5 Bxb5 24. c4 Ba4 25. Qe1 Bc2 26. Qc3 Bd3 27. Rf2 Qb6 28.
Rc1 Qb4 29. Qa1 Rb6 30. h4 a5 31. h5 Rfb8 32. h6 Rg6 33. Bf7 Qb7 34. Qe5 a4 35.
Bxg6 hxg6 36. hxg7+ 1-0

[Event "XXII Weekend A"]
[Site "Ceriano Laghetto ITA"]
[Date "2013.03.02"]
[Round "3"]
[White "Lapiccirella, Mattia"]
[Black "Medici, Simone"]
[WhiteElo "2191"]
[BlackElo "2099"]
[Result "1/2-1/2"]
[PlyCount "79"]
[EventDate "2013.03.01"]

1. d4 d5 2. c4 c6 3. Nf3 Nf6 4. Nc3 g6 5. Bg5 Bg7 6. e3 O-O 7. Bd3 Bg4 8. O-O
Nbd7 9. cxd5 cxd5 10. h3 Bxf3 11. Qxf3 h6 12. Bf4 Nb6 13. Rac1 a6 14. Rc2 Qd7
15. Rfc1 Rac8 16. b3 Rc6 17. Qd1 e6 18. Nb1 Rfc8 19. Be5 Rxc2 20. Rxc2 Rxc2 21.
Qxc2 Qc8 22. Nd2 Qxc2 23. Bxc2 Nbd7 24. Bd6 Bf8 25. Bxf8 Kxf8 26. Kf1 Ke7 27.
Ke2 Kd6 28. f4 h5 29. g3 b5 30. Bd3 Ne8 31. Nf3 f5 32. Ne5 Nxe5 33. fxe5+ Kc6
34. Kf3 Kd7 35. Kf4 Ke7 36. Kg5 Kf7 37. Kh6 Nc7 38. a4 bxa4 39. bxa4 a5 40. Kg5
1/2-1/2